[Event "LSS WC-2008-F-00006"]
[Site "LSS email"]
[Date "2008.11.12"]
[Round "?"]
[White "Gretencord, Ulrich"]
[Black "Hoogervorst, Paul"]
[Result "1-0"]
[WhiteElo "2008"]
[BlackElo "2006"]
[PlyCount "53"]
[EventDate "2008.11.12"]
[EventType "tourn (corr)"]
[EventRounds "14"]
[EventCountry "GER"]
[SourceTitle "Corr 2011"]
[Source "ChessBase"]
[SourceDate "2010.08.31"]
[SourceVersion "1"]
[SourceVersionDate "2010.08.31"]
[SourceQuality "1"]

1. d4 Nf6 2. c4 c5 3. d5 b5 4. Nf3 Bb7 5. a4 a6 6. axb5 axb5 7. Rxa8 Bxa8 8. Nc3 Qa5 9. Bf4 d6 10. Nd2 b4 11. Nb5 g6 12. Nb3 Qb6 13. e4 Nbd7 14. Qa1 Bb7 15. f3 Bg7 16. Qa5 Bc8 17. Bc1 Qb8 18. Nc7+ Kf8 19. Be2 h5 20. Nb5 Qb6 21. Kf2 h4 22. Qa8 Nb8 23. e5 Ne8 24. exd6 exd6 25. Re1 Bd7 26. Qa7 Qxa7 27. Nxa7 1-0

[Event "LSS WC-2008-F-00006"]
[Site "LSS email"]
[Date "2008.11.12"]
[Round "?"]
[White "Hoogervorst, Paul"]
[Black "Andersen, Lars Kirstein"]
[Result "0-1"]
[WhiteElo "2045"]
[BlackElo "2074"]
[PlyCount "32"]
[EventDate "2008.11.12"]
[EventType "tourn (corr)"]
[EventRounds "14"]
[EventCountry "GER"]
[SourceTitle "Corr 2011"]
[Source "ChessBase"]
[SourceDate "2010.08.31"]
[SourceVersion "1"]
[SourceVersionDate "2010.08.31"]
[SourceQuality "1"]

1. e4 c6 2. d4 d5 3. exd5 cxd5 4. c4 Nf6 5. c5 e5 6. Nc3 exd4 7. Qxd4 Be7 8. b4 0-0 9. b5 Re8 10. Nge2 Nbd7 11. Ba3 Qc7 12. f3 Nxc5 13. Bb2 Ne6 14. Qd2 d4 15. Nd1 Nd5 16. Rc1 Qb6 0-1

[Event "LSS WC-2008-F-00006"]
[Site "LSS email"]
[Date "2008.11.12"]
[Round "?"]
[White "Hoogervorst, Paul"]
[Black "Lahdenmaeki, Leo"]
[Result "0-1"]
[WhiteElo "2051"]
[BlackElo "2037"]
[PlyCount "70"]
[EventDate "2008.11.12"]
[EventType "tourn (corr)"]
[EventRounds "14"]
[EventCountry "GER"]
[SourceTitle "Corr 2011"]
[Source "ChessBase"]
[SourceDate "2010.08.31"]
[SourceVersion "1"]
[SourceVersionDate "2010.08.31"]
[SourceQuality "1"]

1. e4 c5 2. Nf3 d6 3. d4 cxd4 4. Nxd4 Nf6 5. Nc3 a6 6. Be3 e5 7. Nf3 Be7 8. Bc4 0-0 9. 0-0 Be6 10. Qe2 Bxc4 11. Qxc4 b5 12. Qd3 b4 13. Nd5 Nxd5 14. Qxd5 Nd7 15. Rfd1 Nf6 16. Qb3 Qc7 17. Nd2 Rab8 18. Bg5 Rfd8 19. Bxf6 Bxf6 20. Qd3 Qc5 21. Nb3 Qb5 22. Qxb5 axb5 23. Rd5 Rdc8 24. Rxd6 Rxc2 25. Rd2 Rc4 26. Re2 Rd8 27. g3 g6 28. Kg2 Be7 29. f4 Bf6 30. h3 Kg7 31. Rf1 Rd7 32. Rc1 Ra7 33. Ra1 h5 34. Kf3 Rd7 35. Rd1 Rxd1 0-1

[Event "LSS WC-2008-F-00006"]
[Site "LSS email"]
[Date "2008.11.12"]
[Round "?"]
[White "Hoogervorst, Paul"]
[Black "Pintonello, Gilberto"]
[Result "0-1"]
[WhiteElo "2006"]
[BlackElo "2135"]
[PlyCount "92"]
[EventDate "2008.11.12"]
[EventType "tourn (corr)"]
[EventRounds "14"]
[EventCountry "GER"]
[SourceTitle "Corr 2011"]
[Source "ChessBase"]
[SourceDate "2010.08.31"]
[SourceVersion "1"]
[SourceVersionDate "2010.08.31"]
[SourceQuality "1"]

1. e4 e5 2. Nf3 Nc6 3. Bb5 a6 4. Ba4 d6 5. c3 Nf6 6. d4 Bd7 7. 0-0 Be7 8. Re1 0-0 9. Nbd2 b5 10. Bc2 Re8 11. d5 Na5 12. b4 Nb7 13. a4 c5 14. dxc6 Bxc6 15. Qe2 Qb6 16. Nh4 g6 17. Nhf3 Rec8 18. axb5 axb5 19. Rxa8 Rxa8 20. Bb3 Nd8 21. Ng5 h6 22. Nh3 g5 23. Kh1 g4 24. Ng1 Ne6 25. f3 Nf4 26. Qf1 d5 27. exd5 N6xd5 28. Ne4 Ra1 29. Bd2 Rxe1 30. Qxe1 Nd3 31. Qg3 Kh8 32. fxg4 N5f4 33. Bxf4 Nxf4 34. Bc2 Qa7 35. Qe1 Qa2 36. Qb1 Qc4 37. h3 Kg7 38. Kh2 Bxe4 39. Bxe4 Qxc3 40. Qf1 Qxb4 41. Bc6 e4 42. Bxb5 Nd3 43. Bxd3 Qd6+ 44. g3 exd3 45. Nf3 Qd5 46. Qd1 Bb4 0-1

[Event "LSS WC-2008-F-00006"]
[Site "LSS email"]
[Date "2008.11.12"]
[Round "?"]
[White "Schibuola, Francesco"]
[Black "Hoogervorst, Paul"]
[Result "1-0"]
[WhiteElo "2031"]
[BlackElo "2006"]
[PlyCount "31"]
[EventDate "2008.11.12"]
[EventType "tourn (corr)"]
[EventRounds "14"]
[EventCountry "GER"]
[SourceTitle "Corr 2011"]
[Source "ChessBase"]
[SourceDate "2010.08.31"]
[SourceVersion "1"]
[SourceVersionDate "2010.08.31"]
[SourceQuality "1"]

1. d4 Nf6 2. Nf3 c5 3. c3 d5 4. Bf4 Qb6 5. Qb3 Nc6 6. e3 c4 7. Qc2 Bf5 8. Qc1 e6 9. Nbd2 Be7 10. h3 0-0 11. Be2 Rac8 12. 0-0 Rfe8 13. b3 Qa5 14. b4 Qb6 15. a4 a5 16. b5 1-0

[Event "LSS RA-2008-0-00029"]
[Site "LSS email"]
[Date "2008.11.02"]
[Round "?"]
[White "Jovanovic, Bratislav"]
[Black "Hoogervorst, Paul"]
[Result "1/2-1/2"]
[WhiteElo "2078"]
[BlackElo "2034"]
[PlyCount "37"]
[EventDate "2008.10.28"]
[EventType "tourn (corr)"]
[EventRounds "6"]
[EventCountry "GER"]
[SourceTitle "Corr 2013"]
[Source "ChessBase"]
[SourceDate "2012.11.12"]
[SourceVersion "1"]
[SourceVersionDate "2012.11.12"]
[SourceQuality "1"]

1. e4 e5 2. Nc3 Nf6 3. Nf3 Nc6 4. Bb5 Nd4 5. Ba4 c6 6. Nxe5 d6 7. Nf3 Bg4 8. d3 d5 9. exd5 Nxd5 10. 0-0 Nxc3 11. bxc3 Nxf3+ 12. gxf3 Be6 13. Bb3 Bd6 14. Bxe6 fxe6 15. Qe2 0-0 16. Qxe6+ Kh8 17. Be3 Rf6 18. Qh3 Qa5 19. Kh1 1/2-1/2

[Event "LSS OP-2008-0-00664"]
[Site "LSS email"]
[Date "2008.10.26"]
[Round "?"]
[White "Perevozchikov, Viacheslav"]
[Black "Hoogervorst, Paul"]
[Result "1-0"]
[WhiteElo "1484"]
[BlackElo "2046"]
[PlyCount "75"]
[EventDate "2008.10.24"]
[EventType "tourn (corr)"]
[EventRounds "4"]
[EventCountry "GER"]
[SourceTitle "Corr 2013"]
[Source "ChessBase"]
[SourceDate "2012.11.12"]
[SourceVersion "1"]
[SourceVersionDate "2012.11.12"]
[SourceQuality "1"]

1. e4 e5 2. Nf3 Nc6 3. Bb5 a6 4. Ba4 Nf6 5. 0-0 Be7 6. Bxc6 dxc6 7. d3 Nd7 8. Be3 0-0 9. Nbd2 Bd6 10. Nc4 b5 11. Na5 c5 12. h3 Nb6 13. c4 Qe8 14. Re1 Qe6 15. Rc1 Re8 16. b3 b4 17. Ra1 Be7 18. a3 Qd6 19. axb4 Nd7 20. bxc5 Nxc5 21. Bxc5 Qxc5 22. b4 Qxb4 23. Nxe5 Qd6 24. Nec6 Bd7 25. e5 Qg6 26. Qf3 Bg5 27. d4 h6 28. Ra2 Qf5 29. d5 Qxf3 30. gxf3 Bxh3 31. Kh2 Bf5 32. Kg3 h5 33. f4 h4+ 34. Kf3 Be7 35. Nxe7+ Rxe7 36. Nc6 Ree8 37. Nd4 Reb8 38. Nxf5 1-0

[Event "LSS RA-2008-0-00027"]
[Site "LSS email"]
[Date "2008.10.25"]
[Round "?"]
[White "Hoogervorst, Paul"]
[Black "Dehaybe, Andre"]
[Result "1-0"]
[WhiteElo "2046"]
[BlackElo "2006"]
[PlyCount "129"]
[EventDate "2008.10.17"]
[EventType "tourn (corr)"]
[EventRounds "6"]
[EventCountry "GER"]
[SourceTitle "Corr 2013"]
[Source "ChessBase"]
[SourceDate "2012.11.12"]
[SourceVersion "1"]
[SourceVersionDate "2012.11.12"]
[SourceQuality "1"]

1. e4 e5 2. Nf3 Nc6 3. Bb5 a6 4. Ba4 Nf6 5. 0-0 b5 6. Bb3 Be7 7. Re1 0-0 8. c3 d6 9. h3 h6 10. d4 Bb7 11. Nbd2 Re8 12. a4 Bf8 13. Bc2 exd4 14. cxd4 Nb4 15. Bb1 c5 16. d5 Nd7 17. Ra3 f5 18. Nh2 Qe7 19. g4 fxg4 20. Nxg4 Bxd5 21. Rg3 Kh8 22. Nf3 Ba2 23. Bxa2 Nxa2 24. Bd2 Qe6 25. Nh4 bxa4 26. Qxa4 Nb4 27. f4 Kh7 28. f5 Qf7 29. Bc3 Nb6 30. Qd1 Na2 31. Bd2 Nc4 32. Bf4 Nb4 33. Ng6 Rad8 34. Qb1 Nc6 35. b3 N4e5 36. Bxe5 dxe5 37. Ne3 Nd4 38. Nc4 Bd6 39. Qa2 Bc7 40. Kh1 Nxf5 41. exf5 e4 42. Rg4 Qxf5 43. Qg2 Rd3 44. Nh4 Qf6 45. Ne3 Qe5 46. Nf1 Qc3 47. Rexe4 Rf8 48. Re7 Rxh3+ 49. Kg1 Bh2+ 50. Nxh2 Qc1+ 51. Nf1 Rxf1+ 52. Qxf1 Rh1+ 53. Kxh1 Qxf1+ 54. Kh2 Qf2+ 55. Ng2 Qf6 56. Rb7 Kh8 57. Nf4 g5 58. Ne2 Qf3 59. Rb8+ Kh7 60. Rg2 h5 61. Re8 g4 62. Re5 Kg6 63. Kg1 h4 64. Rf2 Qxb3 65. Rf4 1-0

[Event "CFriend AP-2005-Q-00014 email"]
[Site "Chessfriend.com"]
[Date "2005.07.11"]
[Round "1"]
[White "Hoogervorst, Paul"]
[Black "Ambalavanan, Avudainayagam"]
[Result "1-0"]
[WhiteElo "2129"]
[BlackElo "1491"]
[PlyCount "47"]
[EventDate "2005.??.??"]
[EventType "tourn (corr)"]
[EventRounds "12"]
[SourceTitle "Corr 2024"]
[Source "ChessBase"]
[SourceDate "2023.10.19"]
[SourceVersion "1"]
[SourceVersionDate "2023.10.19"]
[SourceQuality "1"]

1. e4 e5 2. Nf3 Nc6 3. Bc4 Nf6 4. Ng5 Bc5 5. Nxf7 Bxf2+ 6. Kf1 Qe7 7. Nxh8 d5 8. exd5 Nd4 9. d6 cxd6 10. c3 Nf5 11. Kxf2 Ne4+ 12. Kg1 d5 13. Qh5+ g6 14. Nxg6 hxg6 15. Qxg6+ Kf8 16. Be2 Qh4 17. g3 Qe7 18. Kg2 Qc5 19. Rf1 Ke7 20. Bg4 Nfd6 21. d4 exd4 22. Bg5+ Nxg5 23. Qf6+ Ke8 24. Qf8# 1-0

[Event "CFriend AP-2005-Q-00014 email"]
[Site "Chessfriend.com"]
[Date "2005.07.11"]
[Round "1"]
[White "Mebrek, Mohamed Akli"]
[Black "Hoogervorst, Paul"]
[Result "0-1"]
[WhiteElo "1850"]
[BlackElo "2129"]
[PlyCount "48"]
[EventDate "2005.??.??"]
[EventType "tourn (corr)"]
[EventRounds "12"]
[SourceTitle "Corr 2024"]
[Source "ChessBase"]
[SourceDate "2023.10.19"]
[SourceVersion "1"]
[SourceVersionDate "2023.10.19"]
[SourceQuality "1"]

1. d4 Nf6 2. c4 g6 3. Nc3 Bg7 4. e4 d6 5. f3 0-0 6. Nge2 c5 7. Be3 Nc6 8. Qd2 b6 9. h4 Nh5 10. 0-0-0 Ba6 11. g4 Ng3 12. Rh3 Nxf1 13. Rxf1 Bxc4 14. h5 cxd4 15. Nxd4 Nxd4 16. hxg6 Bxf1 17. Rxh7 Ne6 18. Bh6 fxg6 19. Bxg7 Kxh7 20. Qh6+ Kg8 21. Qh8+ Kf7 22. Bxf8 Qxf8 23. Qh4 Qh8 24. Qf2 Qh1 0-1

[Event "CFriend AP-2005-Q-00014 email"]
[Site "Chessfriend.com"]
[Date "2005.07.11"]
[Round "1"]
[White "Tasic, Vladimir"]
[Black "Hoogervorst, Paul"]
[Result "1-0"]
[WhiteElo "2195"]
[BlackElo "2129"]
[PlyCount "61"]
[EventDate "2005.??.??"]
[EventType "tourn (corr)"]
[EventRounds "12"]
[SourceTitle "Corr 2024"]
[Source "ChessBase"]
[SourceDate "2023.10.19"]
[SourceVersion "1"]
[SourceVersionDate "2023.10.19"]
[SourceQuality "1"]

1. e4 e5 2. Nf3 Nc6 3. Bc4 Bc5 4. c3 Nf6 5. d4 exd4 6. e5 d5 7. Bb5 Ne4 8. cxd4 Bb6 9. Be3 0-0 10. Nc3 Bg4 11. h3 Bh5 12. Qb3 Bxf3 13. gxf3 Ng5 14. 0-0-0 Nxf3 15. Qxd5 Ncxd4 16. Qe4 c6 17. Bc4 c5 18. Be2 Nxe2+ 19. Nxe2 Nd4 20. Kb1 f5 21. Qxb7 Rb8 22. Qg2 Rf7 23. e6 Rfb7 24. Bg5 Qe8 25. Nxd4 cxd4 26. Qd5 Bc7 27. e7+ Kh8 28. b3 h6 29. Bh4 f4 30. Rhe1 Bb6 31. Re6 1-0

[Event "CFriend WC-2009-P-00009"]
[Site "Chessfriend.com"]
[Date "2005.02.28"]
[Round "1"]
[White "Hoogervorst, Paul"]
[Black "Nenciulescu, Silviu Catalin"]
[Result "0-1"]
[WhiteElo "2129"]
[BlackElo "2056"]
[PlyCount "82"]
[EventDate "2005.??.??"]
[EventType "tourn (corr)"]
[EventRounds "6"]
[SourceTitle "Corr 2008"]
[Source "ChessBase"]
[SourceDate "2008.06.24"]
[SourceVersion "1"]
[SourceVersionDate "2008.06.24"]
[SourceQuality "1"]

1. e4 c5 2. Nf3 d6 3. d4 cxd4 4. Nxd4 Nf6 5. Nc3 a6 6. Be3 e5 7. Nb3 Be6 8. Qd2 Nbd7 9. f3 b5 10. g4 b4 11. Nd5 Bxd5 12. exd5 Nb6 13. 0-0-0 Nfxd5 14. Bxb6 Nxb6 15. f4 Qc7 16. h4 Be7 17. h5 a5 18. Bg2 Nc4 19. Qd3 Rc8 20. Be4 exf4 21. Bf5 Rb8 22. Nd2 Ne3 23. Rde1 a4 24. Qd4 0-0 25. h6 Nxf5 26. gxf5 Bf6 27. Qd3 d5 28. hxg7 Rfc8 29. Kd1 Qc5 30. Re2 Qd4 31. Qxd4 Bxd4 32. Reh2 Bxb2 33. Rxh7 Bxg7 34. R7h4 Rc3 35. Rxf4 Be5 36. Rg4+ Kf8 37. Rhh4 Ke7 38. Rxb4 Rg8 39. Rh1 Ra3 40. Rb7+ Kd6 41. Rxf7 Rg2 0-1

[Event "CFriend WC-2009-P-00009"]
[Site "Chessfriend.com"]
[Date "2005.02.28"]
[Round "1"]
[White "Kunzmann, Hector AT"]
[Black "Hoogervorst, Paul"]
[Result "0-1"]
[WhiteElo "2057"]
[BlackElo "2129"]
[PlyCount "97"]
[EventDate "2005.??.??"]
[EventType "tourn (corr)"]
[EventRounds "6"]
[SourceTitle "Corr 2008"]
[Source "ChessBase"]
[SourceDate "2008.06.24"]
[SourceVersion "1"]
[SourceVersionDate "2008.06.24"]
[SourceQuality "1"]

1. d4 Nf6 2. c4 g6 3. Nc3 Bg7 4. e4 d6 5. Be2 0-0 6. f4 c5 7. Nf3 cxd4 8. Nxd4 Bg4 9. Bxg4 Nxg4 10. Qxg4 Bxd4 11. Bd2 Nc6 12. h4 Nb4 13. Ke2 Qb6 14. Rh3 Qc6 15. b3 Bxc3 16. Bxc3 Qxe4+ 17. Re3 Qc2+ 18. Kf1 Nd3 19. Qg3 Qxc3 20. Rd1 Qa5 21. Rdxd3 e6 22. Re2 b5 23. cxb5 Qxb5 24. Rxd6 Rad8 25. Rxd8 Rxd8 26. Qe3 a6 27. Kg1 Qh5 28. g3 Qd5 29. Re1 h6 30. f5 Qxf5 31. Rf1 Qd3 32. Qf2 Qd4 33. Kg2 Qxf2+ 34. Rxf2 f5 35. g4 Rd4 36. gxf5 gxf5 37. Rc2 Kf7 38. Kf3 Rxh4 39. Rc7+ Kf6 40. Ra7 e5 41. Rxa6+ Kg5 42. Kg2 Rd4 43. a4 Rd2+ 44. Kf1 Rb2 45. Rb6 Ra2 46. Rb5 Kf4 47. Ke1 h5 48. a5 h4 49. Rb4+ 0-1

[Event "IECG CP.2004.P.00061 email"]
[Site "IECG email"]
[Date "2004.10.01"]
[Round "?"]
[White "Venturas, Bob"]
[Black "Hoogervorst, Paul"]
[Result "0-1"]
[WhiteElo "730"]
[BlackElo "2171"]
[PlyCount "45"]
[EventDate "2004.10.01"]
[EventType "tourn (corr)"]
[EventRounds "6"]
[SourceTitle "Corr 2011"]
[Source "ChessBase"]
[SourceDate "2010.08.31"]
[SourceVersion "1"]
[SourceVersionDate "2010.08.31"]
[SourceQuality "1"]

1. e4 e5 2. Nf3 Nc6 3. Nc3 Nf6 4. Bc4 Nxe4 5. Nd5 Nd6 6. Bb3 e4 7. Qe2 Be7 8. Ng1 0-0 9. c3 Ne5 10. Bc2 Re8 11. Bxe4 Bh4 12. d3 f5 13. Bf3 Nxf3+ 14. Nxf3 Rxe2+ 15. Kxe2 c6 16. Nb4 Nf7 17. Re1 d6 18. Kf1 Ne5 19. Nxe5 dxe5 20. Rxe5 a5 21. Nc2 Qxd3+ 22. Re2 Be6 23. Be3 0-1

[Event "IECC KO-4014"]
[Site "IECC email"]
[Date "2004.05.04"]
[Round "?"]
[White "Hermans, Marcel"]
[Black "Hoogervorst, Paul"]
[Result "1-0"]
[WhiteElo "2042"]
[BlackElo "2142"]
[PlyCount "85"]
[EventDate "2003.??.??"]
[EventType "match (corr)"]
[EventRounds "2"]
[SourceTitle "Corr 2020"]
[Source "ChessBase"]
[SourceDate "2019.09.30"]
[SourceVersion "1"]
[SourceVersionDate "2019.09.30"]
[SourceQuality "1"]
[WhiteTeam "Netherlands"]
[BlackTeam "Netherlands"]
[WhiteTeamCountry "NED"]
[BlackTeamCountry "NED"]

1. d4 Nf6 2. Nf3 g6 3. Bg5 Bg7 4. c3 d6 5. Nbd2 h6 6. Bh4 g5 7. Bg3 Nh5 8. e4 e6 9. Bd3 Qe7 10. Nc4 Nd7 11. Ne3 Nf4 12. Bc2 b6 13. 0-0 Bb7 14. a4 a6 15. Re1 0-0 16. Nc4 Rfd8 17. Bxf4 gxf4 18. Qd3 Rac8 19. e5 dxe5 20. Ncxe5 c5 21. Qh7+ Kf8 22. Nxd7+ Rxd7 23. Be4 cxd4 24. cxd4 Rdd8 25. Ne5 Bd5 26. Bxd5 Rxd5 27. Qe4 Bxe5 28. dxe5 Qg5 29. Qe2 b5 30. axb5 axb5 31. Rad1 f3 32. Qxf3 Rxe5 33. Rxe5 Qxe5 34. h3 Rc2 35. b3 Rc3 36. Qg4 Rxb3 37. Rd8+ Ke7 38. Rd1 Kf6 39. Qg8 Qg5 40. Qf8 Qg6 41. Rd4 Qb1+ 42. Kh2 Qc1 43. Qh8+ 1-0

[Event "IECG CM.2004.0.00245 email"]
[Site "IECG email"]
[Date "2004.04.23"]
[Round "?"]
[White "Hrvacic, Pavle"]
[Black "Hoogervorst, Paul"]
[Result "1/2-1/2"]
[WhiteElo "2220"]
[BlackElo "2171"]
[PlyCount "74"]
[EventDate "2004.04.23"]
[EventType "tourn (corr)"]
[EventRounds "6"]
[SourceTitle "Corr 2008"]
[Source "ChessBase"]
[SourceDate "2008.06.24"]
[SourceVersion "1"]
[SourceVersionDate "2008.06.24"]
[SourceQuality "1"]

1. e4 e5 2. Nf3 Nc6 3. Bb5 a6 4. Ba4 Nf6 5. 0-0 b5 6. Bb3 Bb7 7. d3 Bd6 8. c3 0-0 9. a4 Na5 10. Bc2 c5 11. Nbd2 Re8 12. Re1 Qc7 13. Nf1 Be7 14. Ng3 b4 15. Nf5 d5 16. exd5 Nxd5 17. Nxe5 Bf8 18. d4 bxc3 19. bxc3 f6 20. Nf3 Nxc3 21. Qd3 Ne4 22. Bd2 c4 23. Bxa5 cxd3 24. Bb3+ Qf7 25. Bxf7+ Kxf7 26. Red1 Nd6 27. Ne3 Rac8 28. Rxd3 Nc4 29. Nxc4 Rxc4 30. Nd2 Rc2 31. Rc3 Rxc3 32. Bxc3 Rc8 33. Ba5 Bd6 34. Nf1 Bf4 35. Bb6 Rc2 36. Re1 Bd5 37. h3 h5 1/2-1/2

[Event "IECC CL2-2004.10 email"]
[Site "IECC email"]
[Date "2004.03.24"]
[Round "?"]
[White "Lannaioli, Alfonsino"]
[Black "Hoogervorst, Paul"]
[Result "0-1"]
[WhiteElo "2057"]
[BlackElo "2168"]
[PlyCount "70"]
[EventDate "2004.??.??"]
[EventType "tourn (corr)"]
[EventRounds "4"]
[SourceTitle "Corr 2008"]
[Source "ChessBase"]
[SourceDate "2008.06.24"]
[SourceVersion "1"]
[SourceVersionDate "2008.06.24"]
[SourceQuality "1"]

1. d4 Nf6 2. Nc3 d5 3. e4 dxe4 4. f3 exf3 5. Nxf3 g6 6. Bc4 Bg7 7. 0-0 0-0 8. Qe1 Nc6 9. Qh4 Bg4 10. Be3 Bxf3 11. Rxf3 Qd7 12. Raf1 Rad8 13. Ne2 Qg4 14. Qf2 Ne4 15. Qe1 Nd6 16. Rg3 Qd7 17. Bd3 e5 18. Rh3 exd4 19. Bg5 Rde8 20. Qh4 h5 21. Qf2 Ne5 22. Ng3 f5 23. Bf4 Qe6 24. Bxe5 Bxe5 25. Qd2 c5 26. Nxh5 gxh5 27. Qg5+ Bg7 28. Qxh5 Rf7 29. Qh7+ Kf8 30. Rhf3 Bh6 31. Bxf5 Qe3+ 32. Rxe3 Bxe3+ 33. Kh1 Rxh7 34. Bxh7+ Kg7 35. Bf5 c4 0-1